Zasadnutie Slovenského komitétu slavistov

Bibliographic Details
Main Author: Doruľa, Ján, 1933- (Author)
Format: Article
Language:Slovak
ISSN:0037-6787
Subjects:

MARC

LEADER 00000nab a2200000 a 4500
001 vtls000862190
003 SK-MaSNL
005 20260304110114.0
008 250429c2003 xo 0 slo
015 |a SNBRB2004/02-04314 
035 |a CLN000213775 
035 |a urn:nbn:sk:snk-ab2hki 
035 |a (urnnbn)urn:nbn:sk:snk:ar-a02fjn 
035 |a (uuid)86480489-adef-4ef3-b1dc-fa0bc0e696c7 
040 |a SNKBUCL  |b slo  |c SNKBUCL  |e AACR2 
041 0 |a slo 
044 |a xo  |c SK 
080 |a 811.16:061.2(437.6)  |2 1997 
100 1 |a Doruľa, Ján,  |d 1933-  |4 aut  |9 13281 
245 1 0 |a Zasadnutie Slovenského komitétu slavistov  |c Ján Doruľa 
610 2 7 |a Slovenský komitét slavistov.  |b Zasadanie  |d (16.6.2003)  |2 SNK  |9 1408197 
655 7 |a články z novín a časopisov  |2 snkbucl  |9 267496 
773 0 |t Slavica slovaca  |g Roč. 38, č. 1 (2003), s. 96  |x 0037-6787 
850 |a Slovenská národná knižnica 
852 |a Slovenská národná knižnica 
954 |a odborná, vedecká literatúra pôvodná (slovenská)  |2 lita 
958 |a article27 
958 |a SS 
958 |a OND 
958 |a EUIPO 
992 |a RBX 
999 |c 2858513  |d 2860443